In larger freedom; (Record no. 52998)
[ view plain ]
| 000 -LEADER | |
|---|---|
| fixed length control field | 00692cam a22002291 4500 |
| 001 - CONTROL NUMBER | |
| control field | sa 62000649 |
| 003 - CONTROL NUMBER IDENTIFIER | |
| control field | DLC |
| 005 - DATE AND TIME OF LATEST TRANSACTION | |
| control field | 20260227111915.0 |
| 008 - FIXED-LENGTH DATA ELEMENTS--GENERAL INFORMATION | |
| fixed length control field | 711123s1961 xx 000 0 eng |
| 010 ## - LIBRARY OF CONGRESS CONTROL NUMBER | |
| LC control number | sa 62000649 |
| 035 ## - SYSTEM CONTROL NUMBER | |
| System control number | (OCoLC)174425 |
| 040 ## - CATALOGING SOURCE | |
| Original cataloging agency | DLC |
| Transcribing agency | OAU |
| Modifying agency | DLC |
| 042 ## - AUTHENTICATION CODE | |
| Authentication code | premarc |
| 050 00 - LIBRARY OF CONGRESS CALL NUMBER | |
| Classification number | DS664 |
| Item number | .Y32 |
| 100 1# - MAIN ENTRY--PERSONAL NAME | |
| Personal name | Yabes, Leopoldo Y. |
| 245 10 - TITLE STATEMENT | |
| Title | In larger freedom; |
| Remainder of title | studies in Philippine life, thought and institutions. |
| 260 ## - PUBLICATION, DISTRIBUTION, ETC. | |
| Place of publication, distribution, etc. | Quezon City, |
| Name of publisher, distributor, etc. | University of the Philippines |
| Date of publication, distribution, etc. | 1961. |
| 300 ## - PHYSICAL DESCRIPTION | |
| Extent | 471-612 p. |
| Dimensions | 24 cm. |
| 490 0# - SERIES STATEMENT | |
| Series statement | Philippine studies series, |
| Volume/sequential designation | 6 |
| 500 ## - GENERAL NOTE | |
| General note | Running title: The Diliman review. |
| 651 #0 - SUBJECT ADDED ENTRY--GEOGRAPHIC NAME | |
| Geographic name | Philippines |
| General subdivision | Intellectual life. |
No items available.